Pięć państw z największą gęstością zaludnienia według kontynentu - Statystyki

Ogólne statystyki
  • Ten quiz został rozwiązany 2 818 razy
  • Średni wynik to 16 z 30
Statystyki odpowiedzi
Kontynent Gęstość
zaludnienia
Kraj % Poprawnych
Europa 25 927 Monako
85%
Europa 1 240 Watykan
80%
Europa 560 San Marino
76%
Ameryka Południowa 48 Kolumbia
71%
Ameryka Południowa 27 Peru
71%
Azja 8 332 Singapur
71%
Ameryka Południowa 27 Chile
70%
Ameryka Południowa 32 Wenezuela
68%
Ameryka Południowa 73 Ekwador
67%
Azja 1 333 Bangladesz
57%
Ameryka Północna 427 Haiti
55%
Europa 1 686 Malta
52%
Oceania 597 Nauru
50%
Europa 541 Holandia
49%
Oceania 322 Tuvalu
48%
Azja 656 Tajwan
47%
Azja 2 115 Bahrajn
43%
Oceania 166 Kiribati
43%
Ameryka Północna 295 Saint Lucia
43%
Oceania 209 Wyspy Marshalla
43%
Oceania 753 Mikronezja
42%
Afryka 578 Rwanda
42%
Afryka 284 Seszele
40%
Ameryka Północna 657 Barbados
39%
Afryka 547 Burundi
38%
Ameryka Północna 306 Salwador
36%
Afryka 466 Komory
35%
Ameryka Północna 345 Grenada
34%
Afryka 626 Mauritius
34%
Azja 1 759 Malediwy
29%
Nie znaleziono quizów pasujących do podanych kryteriów
Rozkład punktacji
Procent ludzi z każdym wynikiem
Percentyl według liczby udzielonych odpowiedzi
Twoja historia wyników
Nie rozwiązałeś tego quizu